Faygo Quiz - Statistics

General Stats
  • This quiz has been taken 12 times
  • The average score is 7 of 10
Answer Stats
Question Answer % Correct
"You’re the cherry to my cola,” isn’t really a saying, but it definitely should be. Cherry Cola
100%
We took ginger ale and kicked it up a notch. Gold
100%
With a perfect combination of flavors, this pop has exactly what you’d want to remedy your thirst. Dr Faygo
80%
This fire combination of cherry, lime, and blue raspberry will light up your tastebuds. Firework
80%
Swooping in to quench your thirst! -------------- is a dee-licious spin on a classic ice cream flavor beloved by Michiganders and beyond! Super Pop
80%
The name says it all. For when you can’t decide between red and blue. Raspberry Blueberry
60%
This flavor was inspired by the feeling you get outdoors on a cool summer day. It wasn’t inspired by calories. Zero Sugar Root Beer
60%
Nostalgic swirls of creamy vanilla and sweet orange- no stick required. Dreamin
40%
t’s almost as if scientists somehow combined the two fruits into one. Pineapple Watermelon
40%
The most underappreciated late-night flavor. Tonic
40%
No matching quizzes found
Score Distribution
Percent of People with Each Score
Percentile by Number Answered
Your Score History
You have not taken this quiz